[Event "FIDE World Cup"]
[Site "Khanty-Mansiysk"]
[Date "2005.11.29"]
[Round "1.7"]
[White "Navara, David"]
[Black "Nikolic, Predrag"]
[Result "1/2-1/2"]
[WhiteElo "2646"]
[BlackElo "2584"]
[Annotator "Atlas,V"]
[PlyCount "104"]
[EventDate "2005.11.27"]
[EventType "k.o."]
[EventRounds "7"]
[EventCountry "RUS"]
[SourceTitle "CBM 111"]
[Source "ChessBase"]
[SourceDate "2006.04.04"]
[SourceVersion "1"]
[SourceVersionDate "2006.04.04"]
[SourceQuality "1"]

1. e4 e5 2. Nf3 Nc6 3. Bb5 a6 4. Ba4 Nf6 5. O-O Be7 6. Re1 b5 7. Bb3 d6 8. c3
O-O 9. d4 Bg4 10. Be3 Bd7 11. Bc2 Re8 12. h3 h6 13. Nbd2 Bf8 14. a3 g6 15. b4
Bg7 16. d5 Ne7 17. c4 c6 18. dxc6 Bxc6 19. Rc1 Qb8 20. Bd3 bxc4 21. Rxc4 Bb5
22. Rc3 d5 23. Bc5 d4 24. Rb3 Nd7 ({After} 24... Ba4 25. Qe2 Bxb3 26. Nxb3 {
White has a good compensation for the exchange.}) 25. Bxe7 Rxe7 26. Bxb5 $6 ({
Better was} 26. Qe2) 26... axb5 27. Qc2 Bf8 28. Rc1 Nb6 29. Ne1 Na4 $6 (29...
Rea7 $5 {was a better choice.}) 30. Nd3 Raa7 31. Nf3 Rac7 32. Qd1 Rc3 33. Rbxc3
dxc3 34. Nc5 Nxc5 35. bxc5 b4 $6 ({Better was} 35... Rc7) 36. Qb3 $1 {After
this move White gets better chances.} Rb7 37. axb4 (37. c6 {also deserved
attention.}) 37... Rxb4 $2 ({A big mistake. Essential was} 37... Bxc5) 38. Qxc3
Rxe4 39. c6 Qc7 40. Qd3 Ra4 41. Qd7 Ra7 42. Nxe5 Bd6 43. Qe8+ Kg7 44. Nd7 Qa5
45. g3 Qd5 46. c7 $4 ({An unexplainable mistake allowing Black to escape in a
hopeless situation.} 46. Qg8+ Kxg8 47. Nf6+ Kg7 48. Nxd5 {was winning easily.})
{[%tqu "En","Black's position seems absoultely hopeless. Yet, Nicolic found an
amazing way to save the game. Can you find it too?","Counterattack is the best
defense!","Try to deflect the white rook.","a7c7","Now the game is drawn.",5]}
46... Rxc7 $1 {[%csl Gd5,Rg1] Punishing White's mistake. Now Black luckily
escapes.} 47. Rxc7 $1 Qd1+ $1 ({Of course, not} 47... Bxc7 48. Qf8+ Kh7 49.
Nf6#) 48. Kh2 Qd2 $1 {Now it is clear that White cannot win: his king is to
weak, and his pieces are too far away from their king.} 49. Kg2 Qd5+ 50. Kf1
Qd1+ 51. Qe1 Qxe1+ 52. Kxe1 Bxc7 1/2-1/2

[Event "EU-ch 4th"]
[Site "Istanbul"]
[Date "2003.06.03"]
[Round "5"]
[White "Smirnov, Pavel"]
[Black "Jenni, Florian"]
[Result "1-0"]
[WhiteElo "2615"]
[BlackElo "2516"]
[Annotator "Atlas,V"]
[PlyCount "111"]
[EventDate "2003.05.30"]
[EventType "swiss"]
[EventRounds "13"]
[EventCountry "TUR"]
[SourceTitle "CBM 096"]
[Source "ChessBase"]
[SourceDate "2003.09.25"]
[SourceVersion "1"]
[SourceVersionDate "2003.09.25"]
[SourceQuality "1"]

1. e4 {Hecht} e5 2. Nf3 Nc6 3. Bb5 a6 4. Ba4 Nf6 5. O-O Be7 6. Re1 b5 7. Bb3
O-O 8. c3 d6 9. d4 Bg4 10. Be3 d5 11. dxe5 Nxe5 12. exd5 Re8 13. Bd4 Bxf3 14.
gxf3 Bd6 15. Nd2 Nh5 16. Ne4 Qh4 17. Ng3 Nf4 18. Kh1 Ned3 19. Re4 f5 20. Rxe8+
Rxe8 21. Qg1 g6 22. Bc2 Qh3 23. Bxd3 Nxd3 24. Rd1 Nf4 25. b3 Nxd5 26. c4 bxc4
27. bxc4 Nf4 {Black outplayed his opponent and has excellent winning chances.}
28. c5 Bf8 29. Be3 Ne6 30. f4 Qg4 31. Qf1 Qf3+ 32. Kg1 Nxf4 33. Rd7 Nd5 34. Qc4
c6 35. Qh4 Be7 36. Bg5 Qd1+ 37. Nf1 Qe1 38. Bxe7 Rxe7 39. Rd6 Re4 40. Qd8+ Kg7
41. Rd7+ Kh6 42. Qf8+ Kg5 43. Qd8+ Kh6 44. Qf8+ Kg5 45. Qd8+ Re7 46. Rxd5 cxd5
{Hecht: 'Taktisches Endspiel'} 47. c6 Kh5 48. Kg2 (48. c7 {Hecht} Re2 $19)
48... Qe4+ 49. Kg1 Qe1 50. Kg2 Qe4+ 51. Kg1 Qe5 52. Ng3+ Kh6 (52... Kg4 {
(Hecht) sieht stärker aus - man denke an Kf3 bzw. f4}) 53. f4 Qd4+ $2 {The
wrong choice. After 53...Qf6 or 53...Qc7 Black would retain decisive advantage.
} (53... Qf6 $1 $19 {[%cal Re7e1,Rf6d8] Hecht}) 54. Kg2 Qg7 $2 ({The final
mistake. Black could still escape after} 54... Qb2+ $1 55. Kh3 Re3 $1 56. c7
Rxg3+ 57. hxg3 Qc1 {'=' Hecht. , and White cannot win.}) {[%tqu "En","Black's
king is unforntunately placed in front of his army. How can White exploit this
disposition?","Exploit a weak position of the enemy king.","Use your passed
pawn to deflect the black rook.","c6c7","This efficient pawn thrust wins on
the spot.",4]} 55. c7 $1 {[%csl Rh6][%cal Gd8g5]} Qb2+ ({The pawn is
invulnerable:} 55... Rxc7 56. Qg5# {(or 56.Qh4#).}) 56. Kh3 (56. Kh3 {, and
Black resigned, as he cannot stop the pawn:} Rxc7 57. Nxf5+ {'!' Hecht.} gxf5 (
57... Kh5 58. Qg5#) 58. Qg5#) 1-0

[Event "Asia-ch"]
[Site "Kolkata"]
[Date "2001.08.15"]
[Round "9"]
[White "Lioe, Dede"]
[Black "Isaev, Jamshed"]
[Result "1-0"]
[WhiteElo "2402"]
[BlackElo "2454"]
[Annotator "Atlas,V"]
[PlyCount "61"]
[EventDate "2001.08.09"]
[EventType "swiss"]
[EventRounds "11"]
[EventCountry "IND"]
[SourceTitle "CBM 085"]
[Source "ChessBase"]
[SourceDate "2001.11.13"]
[SourceVersion "1"]
[SourceVersionDate "2001.11.13"]
[SourceQuality "1"]

1. e4 e5 2. Nf3 Nc6 3. Bb5 a6 4. Ba4 Nf6 5. O-O Be7 6. Re1 b5 7. Bb3 O-O 8. d4
d6 9. c3 Bg4 10. Be3 d5 11. dxe5 Nxe5 12. exd5 Bxf3 13. gxf3 Qd7 14. f4 Ng6 15.
Nd2 Nh4 16. Kh1 Nxd5 17. Nf3 Qh3 18. Nxh4 Nxe3 19. Qf3 Qxh4 20. fxe3 Rad8 21.
Re2 Rd6 22. Rf1 Rfd8 23. e4 Rd3 24. Qg2 Bc5 $2 ({A careless move, allowing
White to develop a dangerous initiative.} 24... c5 {was to be preferred.}) 25.
e5 {Intending to play 26. e6, weakening Black's kingside and obtaining
excllent attacking perspectives.} Be3 $2 ({A decisive mistake.} 25... Rf8 {
was more stubborn.}) (25... Bf8 {is strongly met by} 26. f5 $1 {/\e6.}) 26. e6
{[%cal Gb3g8]} fxe6 27. Qe4 $1 {[%csl Re6][%cal Ge2e8] Black was probably
expecting 27.Be6 and overlooked the queen thrust. Now Black is helpless
against White attack on the kingside.} Bc5 28. Qxe6+ Kh8 {[%tqu "En","How can
White use the energy of his active pieces?","Exploit the weakness of Black's
back rank.","Use your queen for a decisive regrouping of your forces.","e6e8",
"A nice touch!",4]} 29. Qe8+ $1 {[%csl Rh8][%cal Ge2e8]} Bf8 ({The white queen
is invulnerable in view of} 29... Rxe8 30. Rxe8+ Bf8 31. Rxf8#) {[%tqu "En",
"How can White conclude the game?","Now it is time to exploit the weakeness of
the diagonal a2-g8!","Use geometrical motives to victoriously conclude your
attack.","e8f7","Of course! Now black is helpless against White's threats.",3]}
30. Qf7 $1 {[%cal Gb3g8,Ge2e8] A simple and nice geometry.} Be7 ({Or} 30... Bd6
31. Re8+ {, with mate in two.}) 31. Rxe7 1-0

[Event "Samba Cup 1st"]
[Site "Skanderborg"]
[Date "2003.10.19"]
[Round "9"]
[White "Bologan, Viktor"]
[Black "Sasikiran, Krishnan"]
[Result "1-0"]
[WhiteElo "2673"]
[BlackElo "2679"]
[Annotator "Atlas,V"]
[PlyCount "121"]
[EventDate "2003.10.10"]
[EventType "tourn"]
[EventRounds "9"]
[EventCountry "DEN"]
[EventCategory "16"]
[SourceTitle "CBM 098"]
[Source "ChessBase"]
[SourceDate "2004.02.03"]
[SourceVersion "1"]
[SourceVersionDate "2004.02.03"]
[SourceQuality "1"]

1. e4 e5 2. Nf3 Nc6 3. Bb5 a6 4. Ba4 Nf6 5. O-O Be7 6. Re1 b5 7. Bb3 d6 8. c3
O-O 9. d4 Bg4 10. Be3 Bh5 11. Nbd2 Na5 12. Bc2 Ng4 13. b4 Nb7 14. Nf1 c5 15.
Bd2 exd4 16. cxd4 cxb4 17. Ng3 Bg6 18. Bxb4 Na5 19. Nd2 Nc6 20. Bc3 b4 21. Bb2
Bg5 22. Nc4 Nf6 23. e5 d5 24. Nd6 Ne8 25. Nb7 Qc8 26. Nc5 Nc7 27. Bb3 Na5 28.
a3 Nxb3 29. Qxb3 a5 30. axb4 Bd2 31. Red1 Bxb4 32. Ba3 Bxc5 33. Bxc5 Re8 34.
Bd6 {White has got a durable advantage. The sacifice of the a-pawn is
definitely the best practical chance for Black. Weiß hat anhaltenden Vorteil.
Das Opfern des a-Bauern ist definitiv die beste praktische Chance für Schwarz.}
a4 35. Rxa4 Ne6 36. Rxa8 Qxa8 37. Nf1 Rc8 38. Ne3 Nf4 39. h3 h5 40. Kh2 Qa6 41.
Qb2 Kh7 42. Ra1 Qc6 43. Qd2 Qb5 44. Ra5 Qb1 45. Bc5 Rb8 46. Nd1 Qf5 47. Ne3 Qg5
48. Bb4 Nd3 $2 ({A decisive mistake. Essential was Ein entscheidender Fehler.
Erforderlich war} 48... Be4 {, keeping counterchances: womit Schwarz
Gegenchancen behält:} 49. f3 Bxf3 50. gxf3 Qh4 $44) 49. Nxd5 Qh4 50. f4 Nxb4 $2
({More stubborn was Hartnäckiger war} 50... Rxb4 {, setting a trap: , was eine
Falle stellt:} 51. Nf6+ gxf6 52. g3 Rb1 $3 53. gxh4 Be4 $1 54. exf6 Rh1+ 55.
Kg3 Rg1+ {, forcing a draw by perpetual. Yet, after trivial 51.Nxb4 Nxb4 52.d5
White keeps a decisive advantage. mit Remis durch Dauerschach. Doch nach dem
trivialen 51.Nxb4 Nxb4 52.d5 behält Weiß entscheidenden Vorteil.}) {[%tqu "En",
"How can White finish the game victoriously?","Exploit the unfortunate
placement of the black queen.","Sacrifice your knight!","d5f6","This powerful
blow wins the queen and the game.",6,"d5b4","Now Black can force a draw by
perpetual:",0,"De","Wie kann Weiß die Partie siegreich beenden?","Nutzen Sie
die unglückliche Stellung der schwarzen Dame aus.","Opfern Sie den Springer!",
"d5f6","Dieser Kraftzug gewinnt Dame und Partie.",6,"d5b4","Danach kann
Schwarz ein Remis durch Dauerschach forcieren:",0]} 51. Nf6+ $1 {[%csl Gf4,Gg2,
Rh4] A nice final combination. Black loses the queen without sufficient
compensation. Eine hübsche Schlusskombi. Schwarz verliert die Dame, ohne
ausreichende Kompensation zu bekommen.} ({After Nach} 51. Nxb4 $2 {Black could
force a draw by perpetual: könnte Schwarz Remis durch Dauerschach erzwingen:}
Rxb4 52. Qxb4 Qxf4+ 53. Kg1 Qe3+ 54. Kh1 (54. Kf1 Bd3#) 54... Qc1+ 55. Kh2 Qf4+
) 51... gxf6 52. g3 {[%csl Gf4,Gg3,Rg4,Rg5,Gh3,Rh4] The black queen is
trapped! Die schwarze Dame ist gefangen!} Nd3 53. gxh4 fxe5 ({Somewhat more
stubborn was Etwas zäher war} 53... Rb2 54. Qxb2 Nxb2 {, although White should
win after , obwohl Weiß nach} 55. d5 {or 55.exf6. bzw. 55.exf6 gewinnen sollte.
}) 54. Rxe5 $1 Nxe5 ({Now Nun scheitert} 54... Rb2 {fails to an} 55. Qxb2 Nxb2
56. f5) 55. fxe5 Rc8 56. Kg3 Rb8 57. Qc3 Rb1 58. d5 Rd1 59. d6 Rd5 60. Kf4 Kh6
61. Qc8 {[%cal Gd6d7] and Black resigned, since he cannot prevent the further
advance of White's d-pawn. und Schwarz gab auf, denn er kann den weiteren
Vormarsch des weißen d-Bauern nicht verhindern.} 1-0

[Event "EU-ch 10th"]
[Site "Budva"]
[Date "2009.03.07"]
[Round "2"]
[White "Bartel, Mateusz"]
[Black "Banusz, Tamas"]
[Result "1-0"]
[WhiteElo "2594"]
[BlackElo "2501"]
[Annotator "Bartel,M"]
[PlyCount "59"]
[EventDate "2009.03.06"]
[EventType "swiss"]
[EventRounds "11"]
[EventCountry "MNE"]
[SourceTitle "CBM 130"]
[Source "ChessBase"]
[SourceDate "2009.05.20"]
[SourceVersion "1"]
[SourceVersionDate "2009.05.20"]
[SourceQuality "1"]

1. e4 e5 2. Nf3 Nc6 3. Bb5 a6 4. Ba4 Nf6 5. O-O Be7 6. Re1 b5 7. Bb3 d6 8. c3
O-O 9. d4 Bg4 10. Be3 exd4 11. cxd4 d5 (11... Na5) 12. e5 Ne4 13. a4 {A
dubious decision. I wanted to to try an unusual move, but this move is just
weak.} (13. Nc3) (13. h3 {and}) (13. Nbd2) 13... Qd7 (13... Bb4 {and after} 14.
Re2 {it is visible that White's position is far from perfect... The strangest
thing is that, both players completely missed this option for Black.}) 14. Nc3
Nxc3 15. bxc3 {Now again, the position is more or less normal. The difference
to the main plan is the move a4 - usually White begins with some play on the
kingside - like h3-g4.} Rab8 $2 {A serious mistake. There was no point in
leaving the very important a-file. Starting from this moment White's advantage
grows with every move.} (15... Na5 {leads to a complex game after} 16. Bc2 Nc4
17. Qd3 g6 18. Bh6 Bf5 19. Qe2 Rfe8 {and each sides has its pluses. White must
make progress on the kingside, otherwise Black will start strong counterplay
on the queenside.}) 16. axb5 axb5 17. Bc2 Bh5 18. Ra6 $1 {A strong move which
creates unpleasant pressure on important squares in Black's position.} Bg6 (
18... Nd8 $2 {was impossible because of} 19. Bxh7+ Kxh7 20. Ng5+ {and game
over.}) 19. Bxg6 hxg6 20. Bg5 $1 {White is preparing e5-e6, which can be very
dangerous.} Rbe8 $2 {Black wanted to prepare for e5-e6 by White, but this move
is very artificial. And as usual, an artificial move is a mistake.} (20... Bxg5
21. Nxg5 Nd8 22. Qd2 {and White has a visible advantage, but there is every
chance to hold the game.}) 21. Qd3 $1 {Attacking b5 and also, in some lines,
g6.} Nd8 22. e6 $6 {Sometimes when you see a nice idea you just can't stop
your hands. This move is not a big mistake, but there was no reason to hurry.}
(22. Bxe7 {which is the best move, but after} Rxe7 23. Ra7 Ne6 {I missed the
simple} 24. g3 {where White is clearly better. Black has serious space
problems.}) 22... Nxe6 23. Raxe6 fxe6 24. Ne5 Qd6 25. Bxe7 Qxe7 26. Nxg6 Qd7 {?
} (26... Qf7 27. Nxf8 Rxf8 28. Qe2 $1 Rb8 29. Qxe6 Qxe6 30. Rxe6 b4 31. cxb4
Rxb4 32. Kf1 Rxd4 33. Rc6 {and White is a pawn up in the rook endgame, but it
should be enough for a win.}) 27. Qh3 $1 {After this Black is in serious
problems. Queen and knight work together very well.} Rf5 28. f4 $1 {Correct
decision. White is taking more control over the e5-square. Now g4 will be
possible.} e5 {The final blunder.} (28... Qd6 {and now the engine recommends
the interesting} 29. Ra1 {with the idea ...Ra6 after Rf6!}) 29. Rxe5 Rexe5 30.
fxe5 {Elegant position. The main threat is 31.Qxf5 and after 30...Kf7 the
interesting 31.Nf4 is winning (of course humans would rather choose 31.Nh4
which is winning as well).} 1-0

[Event "Poikovsky Karpov 06th"]
[Site "Poikovsky"]
[Date "2005.03.01"]
[Round "4"]
[White "Dominguez Perez, Leinier"]
[Black "Bologan, Viktor"]
[Result "0-1"]
[WhiteElo "2661"]
[BlackElo "2683"]
[Annotator "Bologan,V"]
[PlyCount "104"]
[EventDate "2005.02.26"]
[EventType "tourn"]
[EventRounds "9"]
[EventCountry "RUS"]
[EventCategory "18"]
[SourceTitle "CBM 106"]
[Source "ChessBase"]
[SourceDate "2005.06.06"]
[SourceVersion "1"]
[SourceVersionDate "2005.06.06"]
[SourceQuality "1"]

1. e4 e5 2. Nf3 Nc6 3. Bb5 a6 4. Ba4 Nf6 5. O-O Be7 6. Re1 b5 7. Bb3 d6 8. c3
O-O 9. d4 {I was expecting for this move aswell as for main 9.h3 Nowdays 9.d4
became very popular because it leads either forgotten either very liitle
studied lines comparing with 9.h3.} Bg4 10. Be3 {the other possibility is} (10.
d5) 10... exd4 {Before th game I rejected the passive} (10... Bd7 11. Nbd2 Ng4
12. Nf1 Nxe3 13. Nxe3 {with a slight edge for white Dominguez L 2661 -
Harikrishna P 2632 , 3. 2.2005 It}) 11. cxd4 Na5 12. Bc2 Nc4 {black takes his
tempos in order to push to the initial position white bishop and to attack the
center} 13. Bc1 c5 14. b3 Nb6 15. Nbd2 Nfd7 {very flexible and armonious setup
of black pieces. The bishop is going to the big diagonal.} 16. h3 Bh5 17. g4 {
at first sight it looks antipositional with the open center to weaken the king.
But due to the bad bishop on g6 and eventual maneuvre Nf1-g3 which will make
stronger the kingside this pawn movement it's often met.} Bg6 18. d5 {sooner
or later white had to decide whether to close the center.} Bf6 19. Rb1 Re8 20.
Nf1 h6 $1 {At this position I had a look for a while before the game and
decided first of all it's important to stop white pawns attack on the kingside,
because otherwise it's not so easy to find a good plan for him.} 21. Kg2 {
played after a long thought. It's not spoiling anything and in some lines can
be useful. I was thinking mostly on} (21. Bf4 Ne5 22. Nxe5 Bxe5 23. Bxe5 Rxe5 (
23... dxe5 24. Bd3 Qd6 25. Rc1 Rac8 26. Ne3 Rc7 27. Rc3 $14) 24. f4 Re8 {
it's difficult to give a certain evaluation to this complex position ofcourse
white has some edge on the kingside but he has to be careful with hispawns} 25.
f5 (25. Kg2 Rc8) 25... Bh7 26. Nd2 Nd7 27. Nf3 Ne5 $13) 21... Rc8 (21... c4 {
was premature} 22. Ng3 (22. b4 a5 23. bxa5 Rxa5 24. a3 Na4 25. Bxa4 bxa4 26.
Ng3 $13) 22... cxb3 23. axb3 Rc8 24. Nf5 $14 {another idea would be}) (21... a5
{but i was not sure what to do further while after Rc8 I had an concrete plan
in my mind}) 22. Ng3 c4 23. Re2 {another move which surprised me. As I
understand it's prophylaxis against Rc2. The t<pical reaction on c4 in such a
structures would be} (23. b4 {and later to try to use the d4 square for the
knight. But it's not so simple I intended to continue with} c3 24. Nf5 Nc4 25.
N3d4 Qb6 26. Qd3 Bxf5 (26... Bxd4 27. Nxd4 Nde5 28. Qd1 (28. Qxc3 Na3 29. Qxa3
Qxd4 30. Qb3 Qc3 {!} 31. Qxc3 Rxc3 32. Bb3 Nd3) 28... Nd2 29. Bxd2 Qxd4 30. Bf4
$14) 27. Nxf5 Nf8 $13) 23... cxb3 24. axb3 Rxc2 $3 {Clear exchange sacrifice.
It was not so clear for me from the concrete point of view but I was sure that
positionally it should be enough at list for compensation. Now after both
takes black gains back a pawn and keeps some other threats forcing white for
new give ups.} 25. Qxc2 (25. Rxc2 {would be even more convenient for men after}
Nc5 26. Be3 (26. Re2 Nxe4 27. Qe1 Qe7 {!} 28. Qd1 Qb7 29. Qd3 Qxd5) 26... Nxe4
27. Bxb6 Qxb6 28. Rbc1 Nc5 29. Ra2 a5 30. Nf5 Bxf5 31. gxf5 Re4 $15 {black is
very comfortable}) 25... Nxd5 26. Bd2 Qa8 $1 {'with the idea' Rc8, 'diagonals
'h1-a8 it costed me a bit. It was not so easy to find a move in a position
where you are exchange down and everything is hanging. Again the positional
consideration helped me. A lot will be decided on the big diagonal, also black
gets a possibility of playing Rc8.} (26... b4 27. Qd3 Nc3 28. Bxc3 bxc3 29.
Qxd6) 27. Rbe1 (27. Nf5 {practically doesn't solve all problems. First it
spoils the pawn structure and second the left black pieces are still
dangerousenough} Bxf5 28. gxf5 b4 (28... Ne7 29. Rbe1) (28... Rc8 29. Qd3 Nc3
30. Bxc3 Rxc3 31. Qxd6 Nc5 32. Qd5 Qxd5 33. exd5) 29. Qd1 (29. Rd1 a5 30. Ree1
Nc3 31. Bxc3 Bxc3 32. Re3 Nc5) 29... Nc3 30. Bxc3 bxc3 31. Qxd6 Rxe4 $15) 27...
b4 {it' s important to create a forpost for the knight on c3 now after the
exchange on c3 black will have a protected passed pawn} 28. Nf5 Bxf5 29. gxf5 {
during the game I considered as best} (29. exf5 {but still after} Rxe2 30. Rxe2
Nc3 31. Bxc3 bxc3 32. Qd3 Qc6 33. Qc4 Qxc4 34. bxc4 Nb6 $15 {black doesn't
risk anything and it's white who has to equalize}) 29... Nc3 30. Bxc3 bxc3 (
30... Bxc3 31. Rd1 Nc5 32. Rxd6 Rxe4 33. Qd1 Rxe2 34. Qxe2 $14) 31. Rd1 $2 {
played already in a time-trouble which was present in almost everygame of
uoung cuban grandmaster. The d<namical equality could be maintained after} (31.
Qd3 Nc5 32. Qxd6 Nxb3) 31... Nc5 32. Rxd6 Rxe4 33. Rxe4 Nxe4 34. Rxa6 $2 {
'time' It's understandable the desire to simplify everything to make a draw
but it doesn't work. Practical chances fro white would be left after} (34. Rd3
Qb7 35. Qe2 Qc8 36. Re3 Nd6 $17) 34... Qxa6 35. Qxe4 Qa2 36. Qe8+ (36. Ne1 Qxb3
37. Nc2 Qb5 $19) 36... Kh7 37. Qxf7 Qe2 $1 {This move obvioiusly escaped from
Lenier's attention when he played Ra6. Now there is no perpetual and also due
to an exceptional position of the black queene the c pawn should promote.} 38.
Ng1 Qe4+ 39. f3 Qxf5 (39... Qc2+ 40. Kf1 Qxf5 41. Qc4 c2 $19) 40. Qc4 Qg5+ 41.
Kf2 Qd2+ 42. Ne2 c2 {The plan is clear first to secure the king from perpetual
and then with the help of some small tactics like Bd4 or Bc3 or even Qc3 some
times to promote.} 43. h4 (43. Kf1 Bd4 44. h4 Qc3 $19) 43... Bd4+ 44. Kg3 h5
45. f4 Qe3+ 46. Kg2 Bc3 $1 {Simple and efficient.} 47. Qb5 g6 48. f5 Qe4+ 49.
Kg3 Be5+ 50. Kf2 Qxf5+ 51. Kg2 Qe4+ 52. Kf2 Bd4+ 0-1